000 00334nam a22001457a 4500
008 210308b ||||| |||| 00| 0 eng d
020 _a0801658462
041 _aeng
080 _24th
_a616.31
082 _a616.31
100 _a5
101 _aSTO
245 _aDifferential Diagnosis of Oral lesions
_cWood, N.K
942 _2udc
_cBK
999 _c55898
_d55898